Statističeskaja fizika

Salvato in:
Dettagli Bibliografici
Autore principale: Klimontovič, Jurij Lvovič (Autore)
Natura: Libro
Lingua:russo
Pubblicazione: Moskva : Nauka, 1982
Soggetti:
Tags: Aggiungi Tag
Nessun Tag, puoi essere il primo ad aggiungerne!!

MARC

LEADER 00000nam a22000003a 4500
001 stu138751
005 20150617225922.8
008 070309s1982----xxr-----------------rus-d
040 |a STU  |b slo 
041 0 |a rus 
044 |a xxr 
080 |a 53  |7 stu_us_auth*stu7966 
080 |a 519  |7 stu_us_auth*stu7042 
100 1 |a Klimontovič, Jurij Lvovič  |4 aut 
245 1 |a Statističeskaja fizika 
260 |a Moskva :  |b Nauka,  |c 1982 
300 |a 608 s 
650 7 |a Fyzika štatistická  |2 stusub 
996 |b E51544  |c E*51544  |l EE03  |s P  |a 0  |w stu138751_0001